00334nam a22000857a 4500008004100000082001800041245009300059260008400152300001200236230607b xxu||||| |||| 00| 0 eng d a336.006bCPST aPublic Finance ManagementbA Manual of the Centre for Parliamentary Studies and Training aNairobi,KenyabThe Centre for Parliamentary Studies and TrainingcJanuary,2015 aIV,175p